000 00279nam a2200121 a 4500
008 100922s1964|||| d
245 1 0 _aSuchý september
100 1 _aFaulkner, William
260 _bSVKL
_aBratislava
_c1964
020 _c14,10
044 _axo
_cSK
041 _aslo
999 _c10600
_d10600